Gengo kagaku to kanren ryōiki /

Saved in:
Bibliographic Details
Other Authors: Ōtsu, Yuko, 1948-
Format: Book
Language:Japanese
Published: Tōkyō : Iwanami Shoten, 1998.
Series:Iwanami kōza. Gengo no kagaku ; 11.
Subjects:
Tags: Add Tag
No Tags, Be the first to tag this record!
LEADER 01157cam a2200289 a 4500
001 008120026-9
005 20024617122813.0
008 990105s1998 ja a b 001 0 jpn d
020 |a 4000108611 :  |c Y3400 
035 0 |a ocm40787092 
040 |a NNC-EA  |c NNC-EA  |d MH-HY  |d CStRLIN 
050 4 |a P25  |b .I93 1997x vol.11 
245 0 0 |6 880-01  |a Gengo kagaku to kanren ryōiki /  |c Ōtsu Yukio ... [et al.]. 
260 |6 880-02  |a Tōkyō :  |b Iwanami Shoten,  |c 1998. 
300 |a xviii, 203 p. :  |b ill. ;  |c 23 cm. 
490 1 |6 880-03  |a Iwanami kōza gengo no kagaku = Linguistic sciences ;  |v 11 
504 |a Includes bibliographical references (p. 183-198) and index. 
650 0 |a Human information processing. 
700 1 |6 880-04  |a Ōtsu, Yuko,  |d 1948- 
880 0 0 |6 245-01  |a 言語科学と関連領域 /  |c 大津由紀雄 ... [et al.]. 
880 |6 260-02  |a 東京 :  |b 岩波書店,  |c 1998. 
880 1 |6 490-03  |a 岩波講座言語の科学 = Linguistic sciences ;  |v 11 
880 1 |6 700-04  |a 大津由紀雄.,  |d 1948- 
830 0 |6 880-05  |a Iwanami kōza.  |p Gengo no kagaku ;  |v 11. 
880 0 |6 830-05  |a 岩波講座言語の科学 ;  |v 11. 
988 |a 20021216 
906 |0 OCLC